| 000 | 00511nam a22001817a 4500 | ||
|---|---|---|---|
| 005 | 20250926143543.0 | ||
| 008 | 250926b |||||||| |||| 00| 0 eng d | ||
| 040 | _aMAIN | ||
| 082 |
_a515.7 _bR298N |
||
| 100 | _aRenu | ||
| 245 | _aNonlinear dynamical behavior of difference maps using iterative algorithms | ||
| 260 |
_bDepartment of Mathematics, M D University, Rohtak _c2024 |
||
| 300 | _axxvii, 237 | ||
| 650 | _aMathematics | ||
| 650 | _aNonlinear Dynamical | ||
| 700 | _aChugh, Renu | ||
| 942 | _cTH | ||
| 999 |
_c393554 _d393554 |
||